000 00504nam a2200157Ia 4500
008 180921t2018 xxu||||| |||| 00| 0 sin d
041 _asin
080 _aX8සි3(යොවුන්)
_bදමැල්
100 _aද මැල්, ලාල් ප්‍රේමනාත්
245 _aඅපූරු යාළුවෝ
260 _bගුණසේන
_aකොළඹ
_c2018
300 _aසෙ.මි.18, පි.92
942 _cBK
999 _c10552
_d10552
003 LK-CoDNM
040 _aLK-CoDNM
_dLK-CoDNM
_eLK-CoDNM